000 00580nam a2200217Ia 4500
003 GCL
008 140319s9999 xx 000 0 ara d
040 _aGCL /
_cGCL
082 0 4 _a641.4
_bع ت
100 1 _aعباس الحميدى
245 1 0 _aالتوابل /
_cعباس الحميدى
260 _a[S.N] :
_bاكاديميةالبحث العلمى ،
_c1990
300 _a171 ص
490 _a
650 0 4 _aالاغذية
650 0 4 _aالتوابل
650 0 4 _aالفلفل الاسود
650 0 4 _aالكمون
650 0 4 _aالطهى
942 _2ddc
_cBK
999 _c36626
_d36626